000 00801nam a22002417a 4500
003 0
005 20251029151124.0
008 250120b xxu||||| |||| 00| 0 eng d
020 _a978-81-19920-18-1
050 _aPN 4775
_b.Ad33 2024
100 _aAdams, Nardo
245 _aSocial dynamics of mass communication
_cNardo Adams
250 _aFirst edition
260 _aNew Delhi, India
_bVenus Books
_c2024
300 _ax, 248 pages :
_cillustrations ;
_e24cm.
504 _aIncludes bibliographical references and index.
650 _aMass media—Social aspects.
650 _aCommunication—Social aspects.
650 _aMass communication—Psychological aspects.
650 _aMedia influence—Public opinion.
650 _aDigital media—Social interaction.
942 _2lcc
_cBK
999 _c367026
_d367026